Statistics for advanced general knowledge #1

Click here to take the quiz!

General Stats

  • This quiz has been taken 40 times
  • The average score is 6 of 15

Answer Stats

HintAnswer% Correct
What is the largest country in AfricaAlgeria
82%
What is ABBA's most popular songDancing queen
70%
who wrote Les MisérablesVictor Hugo
67%
Who was the German minister of propaganda during the second world warJoseph Goebbels
58%
Who was the last leader of YugoslaviaJosip Broz Tito
52%
Who is the longest living US presidentJimmy Carter
48%
Ian smith was the president of what countryRhodesia
39%
Who was the leader of the Soviet Union after Leonid BrezjnevJoeri Andropov
27%
Finish the phrase "soylent green is made out of _____"people
27%
What town was near the Chernobyl nuclear disasterPripyat
24%
Where was the train headed in the popular 2016 Korean zombie horror movieBusan
21%
What is the best selling vegan cookieOreo
21%
Whose running mate was Geraldine FerraroWalter Mondale
18%
What South-American nation dissolved in 1831Gran Colombia
6%
when did the greek revolution end1830
3%

Score Distribution

Percentile by Number Answered

Percent of People with Each Score

Your Score History

You have not taken this quiz